000 00491nam a2200169Ia 4500
005 20250508162751.0
008 008 250505s9999 xx 000 0 eng d
037 _aTextual
040 _aFEDL
_beng
_cFEDL
041 _aeng
_2eng
084 _a350, BHU
_qFEDL
100 _aBhushan Y. K.
245 0 _aFundamentals of business organisation and management
260 _aNew Delhi, India
_bSultan Chand and Sons
_c1991
942 _cTEXL
_h350, BHU
999 _c1378590
_d1378590